000 00517nam a2200181Ia 4500
005 20250923144924.0
008 008 250917s9999 xx 000 0 eng d
037 _aTextual
040 _aDSWL
_beng
_cDSWL
041 _aeng
_2eng
084 _aW, J9.1
_qDSWL
245 0 _aPersonnel management in India
_cby Indian Institute of Personnel Management
260 _aBombay
_bAsia Publication House
365 _aINR
_b20
925 _g20
942 _cTEXL
_hW, J9.1
999 _c1445001
_d1445001